| 000 | 00703nam a22002177a 4500 | ||
|---|---|---|---|
| 005 | 20151021115048.0 | ||
| 010 | _aENG-114045 | ||
| 020 |
_c1495.00 _a9788120351271 |
||
| 035 | _aEN-97577 | ||
| 037 | _bDBAD/PUB | ||
| 082 | _a621.45 | ||
| 100 | _aEarnest, Joshua | ||
| 245 |
_aWind power plants and project development / _cby Joshua Earnest [and] Tore Wizelius |
||
| 250 | _a2nd ed | ||
| 260 |
_aNew Delhi _bPHI Learning _c2015 |
||
| 270 |
_aRimjhim House,111, Patparganj Industrial Estate _bNew Delhi _e 110092 |
||
| 300 |
_axxiv,504p.: _c29cm(Hb) _bill. |
||
| 500 | _aIncludes bibliographical references and index | ||
| 700 | _aWizelius, Tore | ||
| 942 |
_2ddc _cEN _mEAR _h621.45 |
||
| 999 |
_c96891 _d96891 |
||